00329pab a2200133 454500008004000000100001800040245003300058260000900091300001300100362001100113650001400124700002000138773003700158180718b2008 xxu||||| |||| 00| 0 eng d aDeming, David aThe lengthening of childhood c2008 ap.71-92. aSummer aChildhood aDynarski, Susan aJournal of Economic Perspectives